National Anthem to Country - Click Quiz - Statistics

General Stats
  • This quiz has been taken 3,993 times
  • The average score is 12 of 20
Answer Stats
Hint Answer % Correct
God Save the King United Kingdom
89%
Lied der Deutschen Germany
87%
La Marseillaise France
86%
Hino Nacional Brasileiro Brazil
85%
The Star-Spangled Banner United States
84%
Schweizerpsalm Switzerland
72%
La Marcha Real Spain
70%
Gosudarstvenny Gimn Rossiyskoy Federatsii Russia
69%
Mazurek Dąbrowskiego Poland
68%
İstiklal Marşı Turkey
66%
Tiến Quân Ca Vietnam
64%
Lofsöngur Iceland
61%
Kimigayo Japan
59%
La Brabançonne Belgium
51%
Phleng Chat Thailand
51%
Lupang Hinirang Philippines
43%
Himno Istmeño Panama
38%
Jana Gana Mana India
36%
Yumi, Yumi, Yumi Vanuatu
33%
Aegukga South Korea
30%
No matching quizzes found
Score Distribution
Percent of People with Each Score
Percentile by Number Answered
Your Score History
You have not taken this quiz